[Event "Wch FIDE Online U10 Girls Europe qual"]
[Site "Tornelo INT"]
[Date "2020.12.08"]
[Round "4"]
[White "Bros, Maria"]
[Black "Decraene, Lotus"]
[Result "0-1"]
[WhiteElo "1123"]
[BlackElo "1241"]
[PlyCount "80"]
[EventDate "2020.12.07"]
[EventType "swiss (rapid)"]
[EventRounds "7"]
[EventCountry "ISS"]
[SourceTitle "EXT 2022"]
[Source "ChessBase"]
[SourceDate "2021.10.06"]
[SourceVersion "1"]
[SourceVersionDate "2021.10.06"]
[SourceQuality "1"]

1. e4 e5 2. Nf3 Nc6 3. Bc4 Bc5 4. c3 Nf6 5. d3 0-0 6. Be3 Bb6 7. 0-0 d6 8. Nbd2 Bg4 9. h3 Bh5 10. g4 Bg6 11. Bg5 h6 12. Bxf6 Qxf6 13. Nb3 h5 14. g5 Qf4 15. Kg2 Na5 16. Nxa5 Bxa5 17. Qd2 Qxd2 18. Nxd2 Kh8 19. Rfe1 f5 20. Re3 fxe4 21. Nxe4 Bb6 22. Rf3 Bxe4 23. dxe4 Rxf3 24. Kxf3 Rf8+ 25. Kg3 Rxf2 26. b3 Rf4 27. Bd3 h4+ 28. Kg2 Rf2+ 29. Kg1 Rxa2+ 30. Kf1 Rxa1+ 31. Ke2 Rh1 32. Kd2 Rxh3 33. Be2 Rh2 34. Kd3 h3 35. Bf3 Rf2 36. Bg4 h2 37. Bf3 Rxf3+ 38. Ke2 Rxc3 39. Ke1 Rc2 40. Kf1 h1Q# 0-1